000 00344nam a2200121Ia 4500
008 240731s9999 xx 000 0 und d
022 _a1746-5109
245 0 _aPackaging, Transport, Storage & Security of Radioactive Material
260 _bTaylor & Francis
856 _uhttps://www.tandfonline.com/loi/ypts20
942 _2ddc
942 _cTFEJ
999 _c78849
_d78849
945 _a1
_bMadushi Gamage
_c1
_dMadushi Gamage